| 000 | 00614nam a2200217 a 4500 | ||
|---|---|---|---|
| 001 | 20477 | ||
| 005 | 20180713214050.0 | ||
| 008 | 140415s1981 mx 000 0 spa d | ||
| 020 | _a9684193238 | ||
| 041 | _aspa | ||
| 082 |
_a658.4 _bBLA |
||
| 100 | 1 | _aBlanchard, Kenneth H.,. | |
| 245 | 1 | 3 |
_aEL EJECUTIVO AL MINUTO : _bNUEVAS TECNICAS DE DIRECCION |
| 250 | _a2a ed. | ||
| 260 |
_aMEXICO : _bGRIJALBO, _c1981 |
||
| 300 | _a190 | ||
| 490 | _aECONOMIA Y EMPRESA | ||
| 650 | 1 | 4 |
_aADMINISTRACION INDUSTRIAL _xEJECUTIVOS |
| 700 | 1 |
_aPIGRAU, ANTONIO _etr. |
|
| 700 | 1 |
_aJohnson, Spencer, _ecoaut. |
|
| 999 |
_c20477 _d20477 |
||